[Event "Wch-Seniors"]
[Site "Lignano Sabbiadoro ITA"]
[Date "2005.09.29"]
[Round "2"]
[White "Peierl,W"]
[Black "Altshul,R"]
[Result "0-1"]
[WhiteElo "2096"]
[BlackElo "2268"]

1.e4 Nf6 2.Nc3 d6 3.d4 c6 4.Be2 Qa5 5.f4 Nxe4 6.Bd2 Nxd2 7.Qxd2 Nd7 8.Nf3 Nf6
9.h3 g6 10.g4 Bg7 11.O-O-O Be6 12.a3 Nd5 13.Nxd5 Qxd2+ 14.Rxd2 Bxd5 15.Rg1 Bh6
16.g5 Bg7 17.Nh2 h6 18.Rg3 hxg5 19.fxg5 O-O-O 20.c4 Be6 21.Ng4 Rh5 22.d5 Bd7
23.Nf2 Rh4 24.Kd1 Rf4 25.Rf3 Rxf3 26.Bxf3 Rh8 27.Re2 Kd8 28.b3 Bd4 29.Bg2 Rh5
30.dxc6 Bxc6 31.Bxc6 bxc6 32.h4 Rxh4 33.Ne4 Rh3 34.Kc2 Re3 35.Rxe3 Bxe3 36.Kd3 Bc1
37.a4 d5 38.cxd5 cxd5 39.Nc3 e6 40.b4 Bxg5 41.Nb5 a6 42.Nd4 Kd7 43.b5 axb5
44.axb5 Bd8  0-1

[Event "14th Monarch Assurance"]
[Site "Port Erin IOM"]
[Date "2005.09.29"]
[Round "6"]
[White "Hughes,H"]
[Black "Bosboom Lanchava,T"]
[Result "1/2-1/2"]
[WhiteElo "2194"]
[BlackElo "2363"]

1.e4 d6 2.d4 Nf6 3.Nc3 Nbd7 4.Nf3 e5 5.Bc4 Be7 6.O-O O-O 7.h3 c6 8.a4 b6
9.b4 Bb7 10.Bb3 a6 11.Re1 Rc8 12.Ba3 g6 13.Qd3 exd4 14.Qxd4 c5 15.Qc4 Nxe4
16.Rxe4 cxb4 17.Qxb4 a5 18.Qb5 Rxc3 19.Rxe7 Qxe7 20.Re1 Qd8 21.Bxd6 Re8 22.Rxe8+ Qxe8
23.Ne5 Rxb3 24.cxb3 Bc8 25.Nxd7 Qxd7 26.Qxb6 Bb7 27.f3 h5 28.Be5 Qd5 29.Qf6 Kf8
30.Kf2 Ke8 31.Bd6 Qd2+ 32.Kg3 Qe1+ 33.Kh2 Bd5 34.Bc7 Qe7 35.Qb6 Qe6 36.Qxa5 Bxb3
37.Qb5+ Kf8 38.a5 Bc4 39.Qb8+ Kg7 40.Be5+ f6 41.Bd4 g5 42.Qb6 Kf7 43.Bf2 Qe2
44.Qb7+ Kg6 45.Qb1+ Bd3 46.Qb6 Qd2 47.Be3 Qe1 48.Bd4 Qe7 49.a6 Bc4 50.a7 Bd5
51.Qb8 Qd7 52.Qb6 Qe7 53.Qb1+ Kh6 54.Qb8 Kg6 55.Kh1 Qe1+ 56.Bg1 Qa5 57.Qe8+ Kh6
58.Qh8+ Kg6 59.Qe8+ Kh6 60.Qf8+ Kg6 61.Bd4 Qe1+ 62.Kh2 Qe6 63.f4 Qf5 64.Qe8+ Kg7
65.Qe7+ Kg6 66.Qe8+ Kg7 67.Qe7+  1/2-1/2

[Event "14th Monarch Assurance"]
[Site "Port Erin IOM"]
[Date "2005.09.29"]
[Round "6"]
[White "Hanley,C"]
[Black "Hickman,J"]
[Result "1-0"]
[WhiteElo "2367"]
[BlackElo "2115"]

1.e4 d6 2.d4 Nf6 3.Nc3 c6 4.f4 Qa5 5.e5 Ne4 6.Qf3 f5 7.exf6 Nxf6 8.Bd3 Bf5
9.b4 Qxb4 10.Bxf5 Qxd4 11.Nge2 Qc5 12.Qh3 Nbd7 13.Be3 Qa5 14.Bg6+ Kd8 15.O-O Kc7
16.Rab1 Nc5 17.Bd4 e6 18.Kh1 Be7 19.Bf7 Raf8 20.Bxe6 Nxe6 21.Qxe6 Bd8 22.Qc4 b6
23.Bxf6 Bxf6 24.Nd4 Bxd4 25.Nb5+ Kb7 26.Nxd6+ Kc7 27.Nb5+ Kb7 28.Nxd4 Rf6
29.Rfe1 Rc8 30.Re7+ Rc7 31.Rbe1 Qa3 32.Rxc7+ Kxc7 33.Nb5+  1-0

[Event "14th Monarch Assurance"]
[Site "Port Erin IOM"]
[Date "2005.09.30"]
[Round "7"]
[White "Bobras,P"]
[Black "Klenburg,M"]
[Result "0-1"]
[WhiteElo "2525"]
[BlackElo "2400"]

1.e4 d6 2.d4 Nf6 3.Nc3 e5 4.Nf3 Nbd7 5.Bc4 Be7 6.O-O O-O 7.a4 c6 8.Re1 Qc7
9.h3 b6 10.Bg5 Bb7 11.dxe5 Nxe5 12.Bb3 h6 13.Bh4 Nxf3+ 14.Qxf3 a6 15.Nd1 c5
16.Bxf6 Bxf6 17.Bc4 Rfe8 18.Qd3 Re7 19.c3 Qc6 20.Bd5 Qxd5 21.exd5 Rxe1+ 22.Kh2 Rae8
23.Rb1 c4 24.Qxc4 R8e5 25.Qa2 Bxd5 26.c4 Rh1+ 27.Kg3 Rg5+ 28.Kf4 Bxg2 29.Nc3 Rxh3  0-1

[Event "NK Rapid"]
[Site "Vlaardingen NED"]
[Date "2005.10.01"]
[Round "3"]
[White "Glek,I"]
[Black "Carlier,B"]
[Result "1-0"]
[WhiteElo "2566"]
[BlackElo "2464"]

1.e4 d6 2.d4 Nf6 3.Nc3 e5 4.Nf3 exd4 5.Qxd4 Nc6 6.Bb5 Bd7 7.Bxc6 Bxc6 8.Bg5 Be7
9.O-O-O O-O 10.h4 Re8 11.Rhe1 h6 12.Bf4 Ng4 13.Qd2 Bf6 14.Nd5 Bxd5 15.exd5 Qd7
16.Bg3 Qb5 17.c3 a5 18.Qd3 Qxd3 19.Rxd3 h5 20.Kd1 g6 21.Rd2 Rxe1+ 22.Kxe1 Kf8
23.Kd1 Ke8 24.Re2+ Kd7 25.Kc2 Be7 26.a4 Bf6 27.Bf4 Be7 28.g3 Bf6 29.Bg5 Re8
30.Kd2 Bg7  1-0

[Event "Bygger'n Masters"]
[Site "Gausdal NOR"]
[Date "2005.10.02"]
[Round "2"]
[White "Urkedal,F"]
[Black "Seret,JL"]
[Result "1/2-1/2"]
[WhiteElo "2141"]
[BlackElo "2391"]

1.d4 d6 2.e4 Nf6 3.Nc3 Nbd7 4.Nf3 e5 5.Bc4 Be7 6.Ng5 O-O 7.O-O c6 8.a4 exd4
9.Qxd4 Ne5 10.Be2 Nfg4 11.Nf3 Be6 12.Nxe5 dxe5 13.Qxd8 Rfxd8 14.h3 Nf6 15.Be3 a5
16.Rfd1 Bb4 17.f3 Nd7 18.Kh2 f6 19.Nb1 b6 20.Na3 Bc5 21.Bc4 Kf7 22.Bxe6+ Kxe6
23.Nc4 Bxe3 24.Nxe3 Nc5 25.b3 Nb7 26.Rxd8 Nxd8 27.Nc4 Ra6 28.Rd1  1/2-1/2

[Event "2nd Highlands Open A"]
[Site "Havlickuv Brod CZE"]
[Date "2005.10.02"]
[Round "9"]
[White "Petr,Ma"]
[Black "Voloshin,L"]
[Result "0-1"]
[WhiteElo "2331"]
[BlackElo "2477"]

1.e4 d6 2.d4 Nf6 3.Nc3 e5 4.dxe5 dxe5 5.Qxd8+ Kxd8 6.Bc4 Be6 7.Bxe6 fxe6
8.Bg5 Bd6 9.O-O-O h6 10.Bh4 Ke7 11.Nge2 g5 12.Bg3 Nc6 13.Kb1 a6 14.f3 Nh5
15.h4 Nxg3 16.Nxg3 Rag8 17.Nce2 g4 18.Rdf1 gxf3 19.gxf3 Rg6 20.c3 Rhg8 21.Rh3 Bc5
22.Rfh1 Bf2 23.Nh5 Rg2 24.R1h2 Bg1 25.Rxg2 Rxg2 26.Rg3 Rxg3 27.Nexg3 Bf2
28.Kc2 Kf7 29.Kd3 Ne7 30.Ke2 Bxg3 31.Nxg3 Ng6 32.h5 Nf4+ 33.Ke3 Kf6 34.c4 Kg5
35.c5 Nxh5 36.Nf1 Nf4 37.b4 h5 38.a4 Kh4 39.Nd2 Kg3 40.Nc4 h4 41.Nxe5 h3
42.Ng4 e5 43.a5 c6 44.Kd2 h2  0-1

[Event "Wch-Seniors"]
[Site "Lignano Sabbiadoro ITA"]
[Date "2005.10.02"]
[Round "5"]
[White "Rosino,A"]
[Black "Jansa,Vl"]
[Result "0-1"]
[WhiteElo "2285"]
[BlackElo "2511"]

1.e4 d6 2.d4 Nf6 3.Nc3 Nbd7 4.Nf3 e5 5.Bc4 Be7 6.O-O O-O 7.h3 c6 8.a4 b6
9.Qe2 a6 10.Bg5 Bb7 11.Rad1 Qc7 12.Nh4 b5 13.Nf5 Rae8 14.axb5 axb5 15.Nxe7+ Rxe7
16.Bb3 b4 17.Na2 exd4 18.Nxb4 Rxe4 19.Qf3 Rfe8 20.Nd3 c5 21.Ba4 Rg4 22.hxg4 Bxf3
23.gxf3 Ra8 24.b3 h6 25.Bf4 Nd5 26.Bd2 Ne5 27.Kg2 Qb7  0-1

[Event "Wch-Seniors w"]
[Site "Lignano Sabbiadoro ITA"]
[Date "2005.10.03"]
[Round "5"]
[White "Saunina,L"]
[Black "Erenska Barlo,H"]
[Result "1/2-1/2"]
[WhiteElo "2279"]
[BlackElo "2247"]

1.e4 d6 2.d4 Nf6 3.Nc3 c6 4.f4 Qa5 5.Bd3 e5 6.Nf3 Nbd7 7.O-O Be7 8.Kh1 O-O
9.Bd2 Qc7 10.a4 exd4 11.Nxd4 Nc5 12.Qe2 Bg4 13.Qf2 Nxd3 14.cxd3 Nd7 15.Rfc1 c5
16.Ndb5 Qd8 17.d4 a6 18.Na3 b5 19.axb5 axb5 20.Naxb5 Rxa1 21.Rxa1  1/2-1/2

[Event "Belgrade Premier League"]
[Site "Belgrade SCG"]
[Date "2005.10.04"]
[Round "4"]
[White "Popovic,Al"]
[Black "Marinovic,B"]
[Result "1/2-1/2"]
[WhiteElo "2045"]
[BlackElo "2376"]

1.e4 d6 2.d4 Nf6 3.Nc3 e5 4.dxe5 dxe5 5.Qxd8+ Kxd8 6.Bg5 c6 7.Bc4 Ke8 8.f4 h6
9.Bh4 exf4 10.Bxf6 gxf6 11.Nge2 Bd6 12.O-O Nd7 13.Nxf4 Ke7 14.Kh1 Be5 15.Nd1  1/2-1/2

[Event "Bygger'n Masters"]
[Site "Gausdal NOR"]
[Date "2005.10.04"]
[Round "4"]
[White "Richards,H"]
[Black "Seret,JL"]
[Result "1-0"]
[WhiteElo "2239"]
[BlackElo "2391"]

1.e4 d6 2.d4 Nf6 3.Nc3 Nbd7 4.Nf3 e5 5.Bc4 Be7 6.O-O O-O 7.a4 c6 8.a5 Rb8
9.Qe2 exd4 10.Nxd4 Re8 11.f4 d5 12.exd5 Bc5 13.Qd3 b5 14.axb6 Qxb6 15.Rd1 cxd5
16.Bb3 Ng4 17.g3 Re4 18.Ra4 Qh6 19.h4 Rxd4 20.Rxd4 Rb4 21.Be3 Ba6 22.Qd2 Qe6
23.Nxd5 Nxe3 24.Nxb4 Bc4 25.Re1 Qb6 26.c3 Nf5 27.Bxc4 Nxd4 28.cxd4 Bxb4 29.Re8+ Nf8
30.Qe3 Bd6 31.b3 Ba3 32.Qe4  1-0

[Event "Open A"]
[Site "Hamburg GER"]
[Date "2005.10.04"]
[Round "4"]
[White "Koepcke,HP"]
[Black "Meyer,Fa"]
[Result "0-1"]
[WhiteElo "2110"]
[BlackElo "2320"]

1.e4 d6 2.d4 Nf6 3.Nc3 c6 4.f4 Qa5 5.Bd2 e5 6.Nd5 Qd8 7.Nxf6+ Qxf6 8.dxe5 dxe5
9.Nf3 exf4 10.Bc3 Qg6 11.Qd4 Be6 12.O-O-O Nd7 13.Ne5 Qf6 14.Nxd7 Qxd4 15.Bxd4 Bxd7
16.Be5 Be6 17.a4 f6 18.Bxf4 Bc5 19.Be2 O-O 20.Bd6 Be3+ 21.Kb1 Rfe8 22.Rd3 Bb6
23.b3 Bf7 24.Bf3 Bg6 25.Re1 Re6 26.Bb4 a5 27.Bc3 Re7 28.Rd2 Rae8 29.Rde2 Bc7
30.g3 Kf7 31.Kc1 h5 32.Kb1 h4 33.g4 Re6 34.Bd4 b6 35.Kb2 c5 36.Bc3 Rd8 37.e5 fxe5
38.Bxe5 Bxe5+ 39.Rxe5 Rxe5 40.Rxe5 Rd2 41.Re2 Rxe2 42.Bxe2 Kf6 43.Kc3 Ke5
44.Bd1 Bf7 45.Kd3 Kf4  0-1

[Event "Vojvodina Quality League"]
[Site "Pancevo SCG"]
[Date "2005.10.04"]
[Round "3"]
[White "Vrbljanac,A"]
[Black "Kovacevic,Draga"]
[Result "1-0"]
[WhiteElo "2276"]
[BlackElo "2306"]

1.e4 d6 2.d4 Nf6 3.Nc3 c6 4.g3 b5 5.a3 a6 6.Bg2 Qc7 7.Nge2 e5 8.O-O h5 9.Bg5 Nh7
10.Be3 h4 11.f4 Nf6 12.fxe5 dxe5 13.Bg5 hxg3 14.Nxg3 Ng4 15.Nf5 Nxh2 16.Re1 f6
17.Nh6 g6 18.Bxf6 Rxh6 19.Nd5 Qh7 20.Bxe5 Ng4 21.Nc7+ Kd8 22.Nxa8 Nxe5 23.dxe5+ Ke8
24.Qd4 Bh3 25.Rad1 Bxg2 26.Qd8+ Kf7 27.Rf1+ Bxf1 28.Rxf1+ Ke6 29.Nc7+  1-0

[Event "Bygger'n Masters"]
[Site "Gausdal NOR"]
[Date "2005.10.06"]
[Round "6"]
[White "Bentsen,H"]
[Black "Seret,JL"]
[Result "1-0"]
[WhiteElo "2158"]
[BlackElo "2391"]

1.e4 d6 2.d4 Nf6 3.Nc3 Nbd7 4.f4 e5 5.Nf3 exd4 6.Qxd4 c6 7.Be3 d5 8.O-O-O Bc5
9.Qd2 Bb4 10.exd5 Nxd5 11.Bd4 O-O 12.Bc4 N5b6 13.Bxb6 axb6 14.Ne5 Qf6 15.Nxd7 Bxd7
16.Qd4 Bg4 17.Qxf6 gxf6 18.Rd3 Bf5 19.Rg3+ Kh8 20.a3 Bd6 21.Rf1 Rae8 22.Bd3 Bg6
23.Rh3 f5 24.Ne2 Ra8 25.Nd4 Ra4 26.c4 Ra5 27.Kc2 Rd8 28.Nb3 Raa8 29.Re3 Kg7
30.g3 Kf6 31.Rd1 Bh5 32.Be2 Bxe2 33.Rxe2 Be7 34.Nd4 Ra4 35.Kb3 b5 36.Rxe7 Rxc4
37.Rxb7 Rcxd4 38.Rc1 Rd3+ 39.Ka2 Rd2 40.Rxc6+ Kg7 41.Rcc7 Rf8 42.Rxb5 Kg6
43.Rc6+ f6 44.a4 Rxh2 45.a5 h5 46.a6 h4 47.gxh4 Rxh4 48.Rc4 Rh7 49.b4 Re8
50.Rbc5 Re2+ 51.Rc2 Re4 52.R5c4 Ra7 53.b5 Kh5 54.Kb3 Kg4 55.Kb4 Re1 56.Ka5 Ra8
57.Rc8  1-0

[Event "Open A"]
[Site "Hamburg GER"]
[Date "2005.10.06"]
[Round "6"]
[White "Maahs,E"]
[Black "Semmler,G"]
[Result "1-0"]
[WhiteElo "2148"]
[BlackElo "2038"]

1.e4 d6 2.d4 Nf6 3.Nc3 e5 4.d5 Be7 5.h3 O-O 6.f4 c6 7.Be3 exf4 8.Bxf4 cxd5
9.exd5 Bf5 10.Bd3 Bxd3 11.Qxd3 Nbd7 12.O-O-O Nc5 13.Qf5 a6 14.Nge2 Ne8 15.Nd4 Bg5
16.Rhf1 Rc8 17.Qg4 Bxf4+ 18.Rxf4 Nf6 19.Qf3 Ncd7 20.Nf5 Ne5 21.Qe2 Re8 22.Ne4 Ng6
23.Nxf6+ gxf6 24.Qg4 Kh8 25.Re4 Re5 26.Nxd6 Rc7 27.Nf5 Rc5 28.Rxe5 fxe5 29.d6 b5
30.h4 Rc4 31.Qe2 f6 32.g3 Qd7 33.b3 Rc8 34.Qe4 a5 35.h5 Nf8 36.g4 Ne6 37.Ne7 Rf8
38.Qf5 a4 39.Kb1 Rf7 40.Rd3 a3 41.Kc1 e4 42.Qxe4 Rf8 43.Qf5 Rf7 44.g5 Nf8
45.Qxd7 Nxd7 46.g6 hxg6 47.hxg6 Rf8 48.Rh3+  1-0

[Event "Wch-Seniors"]
[Site "Lignano Sabbiadoro ITA"]
[Date "2005.10.06"]
[Round "8"]
[White "Wagman,S"]
[Black "Villing,D"]
[Result "0-1"]
[WhiteElo "2142"]
[BlackElo "2259"]

1.e4 d6 2.d4 Nf6 3.Nc3 c6 4.Nf3 Bg4 5.Be2 e6 6.O-O Be7 7.Be3 O-O 8.h3 Bh5
9.Nd2 Bxe2 10.Qxe2 d5 11.Rad1 Qb6 12.Bg5 Qxb2 13.e5 Qxc3 14.exf6 Bxf6 15.Bxf6 gxf6
16.Nb3 Nd7 17.Rd3 Qb2 18.Qd2 Kh8 19.Qb4 b6 20.Qe7 Rad8 21.Rc1 c5 22.c3 Qxa2
23.Rf3 f5 24.Ra1 Qxb3 25.Rxa7 Rde8 26.Qxd7 Qb1+ 27.Kh2 cxd4 28.Qc7 Qe4 29.cxd4 Qxd4  0-1

[Event "Vojvodina Quality League"]
[Site "Pancevo SCG"]
[Date "2005.10.06"]
[Round "6"]
[White "Pavlovic,Nen"]
[Black "Visnjic,D"]
[Result "1-0"]
[WhiteElo "2088"]
[BlackElo "2168"]

1.e4 d6 2.d4 Nf6 3.Nc3 e5 4.Nf3 Nbd7 5.Bc4 Be7 6.O-O O-O 7.a4 c6 8.h3 b6
9.Re1 Bb7 10.Ba2 a6 11.d5 cxd5 12.Nxd5 Nxd5 13.Bxd5 Bxd5 14.Qxd5 Rc8 15.c4 Qc7
16.b3 Nc5 17.Rb1 Qc6 18.Qxc6 Rxc6 19.Ba3 Nd7 20.Rbd1 f6 21.Rd3 Kf7 22.Nd2 Nc5
23.Bxc5 bxc5 24.Nf1 Rb8 25.g4 Rcb6 26.Ree3 g6 27.Rf3 Ke6 28.Ng3 Bf8 29.Kf1 Bh6
30.Ne2 Rf8 31.Ke1 f5 32.Ng3 fxe4 33.Nxe4 Rf4 34.Rxf4 exf4 35.Ke2 Ke7 36.Kf3 Rc6
37.g5 Bg7 38.Kxf4 Be5+ 39.Kg4 Ke6 40.f4 Bd4 41.Nd2 Rc7 42.h4 Rf7 43.Rf3 d5
44.h5 Rf5 45.cxd5+ Kxd5 46.Nc4 Ke6 47.hxg6 hxg6 48.Rf1 Rf8 49.Re1+ Kf7 50.Nd6+ Kg8
51.Re6 Kh7 52.f5 gxf5+ 53.Nxf5 Kg8 54.Rxa6 Bg1 55.g6 Rb8 56.Kg5 Bh2 57.Rc6 Bg1
58.a5 Ra8 59.a6 Re8 60.Rc7 Ra8 61.Kh6 Bh2 62.Ne7+ Kf8 63.Rc8+  1-0

[Event "2nd Bundesliga West 2005-6"]
[Site "Austria AUT"]
[Date "2005.10.08"]
[Round "1"]
[White "Bensch,P"]
[Black "Neuschmied,S"]
[Result "0-1"]
[WhiteElo "2293"]
[BlackElo "2251"]

1.e4 d6 2.d4 Nf6 3.Nc3 c6 4.f4 Qa5 5.Bd3 e5 6.Nf3 Bg4 7.fxe5 dxe5 8.dxe5 Nfd7
9.Bf4 Nxe5 10.Bxe5 Bxf3 11.Qxf3 Qxe5 12.Bc4 f6 13.O-O-O Nd7 14.Bf7+ Ke7 15.Rhe1 Qg5+
16.Qe3 Qxe3+ 17.Rxe3 g6 18.Ree1 Bh6+ 19.Kb1 Bf4 20.h3 Rad8 21.Bc4 Be5 22.Ne2 Nc5
23.Bd3 Rd7 24.Rf1 Rhd8 25.Nf4 Bxf4 26.Rxf4 Nxd3 27.cxd3 Rxd3 28.Rxd3 Rxd3
29.Rh4 h5 30.g4 hxg4 31.Rxg4 Kf7 32.h4 Rd4 33.Kc2 f5 34.Kc3 c5 35.Rg5 Rxe4
36.h5 Rg4 37.hxg6+ Kf6 38.Rh5 Rxg6 39.Kc4 b6 40.Kd5 Rg2  0-1

[Event "Open A"]
[Site "Hamburg GER"]
[Date "2005.10.08"]
[Round "8"]
[White "Jablonowski,C"]
[Black "Semmler,G"]
[Result "1/2-1/2"]
[WhiteElo "1942"]
[BlackElo "2038"]

1.e4 d6 2.d4 Nf6 3.Nc3 e5 4.d5 Be7 5.f3 O-O 6.Be3 c6 7.dxc6 bxc6 8.f4 Ng4
9.Qf3 Nxe3 10.Qxe3 exf4 11.Qxf4 Be6 12.Nf3 Nd7 13.Bd3 Qb6 14.Nd1 Rab8 15.h4 Qa5+
16.Qd2 Qxd2+ 17.Kxd2 Bf6 18.c3 Bg4 19.Kc2 Nc5 20.Nf2 h5 21.Bc4 Be6 22.Bxe6 fxe6
23.Rad1 Be5 24.Rhf1 Bg3 25.Nh1 Nxe4 26.Nxg3 Nxg3 27.Rfe1 e5 28.Rxd6 e4 29.Rg6 exf3
30.Rxg3 f2 31.Re7 Rf5  1/2-1/2

[Event "Open A"]
[Site "Hamburg GER"]
[Date "2005.10.08"]
[Round "8"]
[White "Krupa,Bo"]
[Black "Fehmer,C"]
[Result "0-1"]
[WhiteElo "1854"]
[BlackElo "2175"]

1.e4 d6 2.d4 Nf6 3.Nc3 e5 4.dxe5 dxe5 5.Qxd8+ Kxd8 6.Bg5 Be6 7.O-O-O+ Nd7
8.Nf3 Bd6 9.Bh4 h6 10.Bg3 Ke7 11.Nd5+ Bxd5 12.exd5 Nh5 13.Bd3 Nxg3 14.hxg3 Nc5
15.Bf5 g6 16.Bh3 Kf6 17.Rhe1 Rhe8 18.b4 Na4 19.a3 Nb6 20.Kb2 a5 21.b5 Kg7
22.Nd2 f5 23.c4 Na4+ 24.Kb3 Nc5+ 25.Kc2 e4 26.Nb1 Re7 27.Re2 Rae8 28.g4 f4
29.f3 g5 30.fxe4 Rxe4 31.Rxe4 Rxe4 32.Nd2 Re3 33.Ra1 Na4 34.Nf3 Rc3+ 35.Kd2 Rxc4
36.Kd3 Rc3+ 37.Kd4 Kf6 38.Ra2 Bc5+ 39.Ke4 Re3+  0-1

[Event "2nd Bundesliga Ost 2005-6"]
[Site "Austria AUT"]
[Date "2005.10.09"]
[Round "2"]
[White "Papp,Ga"]
[Black "Beim,V"]
[Result "1/2-1/2"]
[WhiteElo "2474"]
[BlackElo "2499"]

1.e4 d6 2.d4 Nf6 3.Nc3 e5 4.Nf3 Nbd7 5.Bc4 Be7 6.O-O O-O 7.Re1 c6 8.a4 a5
9.h3 exd4 10.Nxd4 Nc5 11.Qf3 Be6 12.Bf1 Nfd7 13.Qg3 Ne5 14.Bh6 Ng6 15.Be3 Bh4
16.Qh2 Qb6 17.Rab1 Rad8 18.Red1 Qb4 19.Nxe6 Nxe6 20.f4 Nc5 21.Rd4 Qb6 22.f5 Ne5
23.Rxd6 Bg5 24.Bf2 Bh4 25.Be3 Bg5 26.Bf2  1/2-1/2

[Event "TCh-BEL 2005-6"]
[Site "Belgium BEL"]
[Date "2005.10.09"]
[Round "1"]
[White "Vedder,R"]
[Black "Lobzhanidze,D"]
[Result "0-1"]
[WhiteElo "2224"]
[BlackElo "2462"]

1.e4 d6 2.d4 Nf6 3.Nc3 e5 4.Nf3 Nbd7 5.Be2 Be7 6.O-O O-O 7.h3 c6 8.a4 a5
9.Be3 Re8 10.Qd2 exd4 11.Nxd4 Nc5 12.f3 Qc7 13.Rfd1 Be6 14.Nxe6 fxe6 15.Bxc5 dxc5
16.Bc4 Qe5 17.Ne2 Rad8 18.Qc3 Rd4 19.Nxd4 cxd4 20.Qe1 Nh5 21.Qf2 Bc5 22.Bd3 Bd6
23.Kf1 Rf8 24.Rd2 Qh2 25.Qg1 Rxf3+ 26.gxf3 Ng3+ 27.Qxg3 Qxg3 28.Rf2 Qxh3+
29.Ke2 Bg3 30.Rff1 Qg2+ 31.Kd1 Bf4 32.Be2 c5 33.Ra3 c4 34.Re1 h5  0-1

[Event "Open A"]
[Site "Hamburg GER"]
[Date "2005.10.09"]
[Round "9"]
[White "Kammer,R"]
[Black "Gadarinian,C"]
[Result "1-0"]
[WhiteElo "2154"]
[BlackElo "1886"]

1.e4 d6 2.d4 Nf6 3.Nc3 c6 4.Nf3 Bg4 5.h3 Bh5 6.Bf4 Qa5 7.Qd2 Nbd7 8.g4 Bg6
9.Bd3 e5 10.Bg3 Be7 11.a3 exd4 12.Nxd4 Ne5 13.O-O-O h5 14.g5 Nfd7 15.f4 Nxd3+
16.Qxd3 d5 17.Nb3 Qd8 18.h4 dxe4 19.Nxe4 Bxe4 20.Qxe4 O-O 21.Qf5 Qb6 22.Rxd7 Qe3+
23.Kb1 Qxg3 24.Rxe7 Qf3 25.Qe4 Qg3 26.Nd4 Rad8 27.Ne6 fxe6 28.Qg6  1-0

[Event "5th ch-Asian"]
[Site "Hyderabad IND"]
[Date "2005.10.09"]
[Round "4"]
[White "Roy Chowdhury,S"]
[Black "Wang Rui"]
[Result "0-1"]
[WhiteElo "2397"]
[BlackElo "2474"]

1.e4 d6 2.d4 Nf6 3.Nc3 e5 4.Nf3 Nbd7 5.Bc4 Be7 6.O-O O-O 7.a4 a5 8.Re1 c6
9.b3 Qc7 10.Bb2 Nb6 11.Be2 Bg4 12.Nh4 Bxe2 13.Rxe2 Rfe8 14.Nf5 Bf8 15.Bc1 d5
16.exd5 Nbxd5 17.Nxd5 Nxd5 18.Bb2 e4 19.Ng3 Qf4 20.Qe1 Nf6 21.c4 h5 22.Qc1 Qg4
23.h3 Qg6 24.Qf4 Re6 25.Nf5 Bb4 26.Rd1 Rd8 27.Re3 h4 28.g4 hxg3 29.Rxg3 Nh5
30.Qh4 Qxf5 31.Qxd8+ Kh7 32.Rg4 Qf3 33.Rf1 Be7 34.Qxa5 Qxh3 35.Rg2 Rh6 36.Qe5 Qh1+  0-1

[Event "Veselin Boskovic Mem"]
[Site "Bijelo Polje SCG"]
[Date "2005.10.10"]
[Round "9"]
[White "Delchev,A"]
[Black "Kizov,A"]
[Result "1-0"]
[WhiteElo "2669"]
[BlackElo "2423"]

1.e4 d6 2.d4 Nf6 3.Nc3 e5 4.Nf3 Nbd7 5.Bc4 Be7 6.O-O O-O 7.Re1 c6 8.a4 a5
9.b3 exd4 10.Nxd4 Nc5 11.Ba3 Na6 12.Bxa6 Rxa6 13.Qf3 Re8 14.h3 Ra8 15.Rad1 Qc7
16.Qf4 Bf8 17.Nf3 Rd8 18.Rd3 Be6 19.Red1 Ne8 20.Nd4 g6 21.Nxe6 fxe6 22.e5 Qf7
23.Qxf7+ Kxf7 24.Ne4 h6 25.exd6 Kg8 26.Rg3 Kh7 27.Rf3  1-0

[Event "5th ch-Asian"]
[Site "Hyderabad IND"]
[Date "2005.10.12"]
[Round "6"]
[White "Kunte,A"]
[Black "Wang Rui"]
[Result "1/2-1/2"]
[WhiteElo "2553"]
[BlackElo "2474"]

1.e4 d6 2.d4 Nf6 3.Nc3 e5 4.dxe5 dxe5 5.Qxd8+ Kxd8 6.Bc4 Ke8 7.Nf3 Bd6 8.Bg5 Nbd7
9.O-O-O a6 10.Rhe1 h6 11.Bh4 Rb8 12.Bb3 Nh5 13.Nd5 Nc5 14.Ne3 g5 15.Bg3 f6
16.Nd2 Nxb3+ 17.axb3 Be6 18.Ndc4 Bf8 19.h4 Rg8 20.hxg5 Nxg3 21.fxg3 Rxg5
22.Rf1 Be7 23.Rf3 Rd8 24.Rxd8+ Kxd8 25.Nd2 Kd7 26.c3 a5 27.Kc2 Bc5 28.Nf5 h5
29.Kd3 b6 30.Nh4 Be7 31.Nf5 Bc5 32.Nh4 Ke7 33.Nf5+ Kf7 34.Nc4 Ke8 35.Nd2 Bc8
36.Nc4 Ba6 37.Ne3 Bxe3 38.Kxe3 Ke7 39.Nd2 Ke6 40.Kf2 Bb7 41.Re3 Rg8 42.Re1 Rd8
43.Ke3 Rg8 44.Kf2 Rg4 45.Re3 Bc6 46.Re1 Bb7 47.Re3 f5 48.exf5+ Kxf5 49.Nf3 e4
50.Nd4+ Kf6 51.Re1 Rg5 52.Ne2 Ke5 53.Rd1 Bd5 54.c4 Be6 55.Rd8 Rg8 56.Rxg8 Bxg8
57.Ke3 a4 58.bxa4 Bxc4 59.Nf4 Bb3 60.Nxh5 Bxa4 61.g4 c5 62.g5 Be8 63.Nf6 Bc6
64.Ng4+ Kf5 65.Nf2 b5 66.g6 Kxg6 67.Nxe4 Kf5 68.Nxc5 Bxg2 69.Kd4 Kf6 70.Na6 Ke7  1/2-1/2

[Event "31st Guernsey Open"]
[Site "Cobo Bay GCI"]
[Date "2005.10.16"]
[Round "1"]
[White "Hamperl,F"]
[Black "Heppell,I"]
[Result "1/2-1/2"]
[WhiteElo "2002"]
[BlackElo "2165"]

1.e4 d6 2.d4 Nf6 3.Nc3 Nbd7 4.Be3 c6 5.f4 e5 6.fxe5 dxe5 7.dxe5 Nxe5 8.Qxd8+ Kxd8
9.O-O-O+ Kc7 10.Nf3 Bd6 11.Bd4 Re8 12.Nxe5 Bxe5 13.Bc4 Bg4 14.Bxe5+ Rxe5
15.Rd2 Bh5 16.Re1 Rae8 17.Bd3 b5 18.b4 a5 19.a3 Bg6 20.Rde2 Kb6 21.Kb2 h5
22.Kb3 Ng4 23.h3 Nf6 24.g3 a4+ 25.Kb2 Nh7 26.Nd1 Ng5 27.Nf2 Nf3 28.Rf1 f5
29.g4 fxe4 30.Bxe4 hxg4 31.Bxg6 Rxe2 32.Bxe8 Nd2 33.Rg1 Rxf2 34.Rxg4 Nc4+
35.Ka1 Nxa3 36.c3 Rf8 37.Re4 Rf6 38.Bd7 Nc4 39.Rg4 Rd6 40.Rxg7 Rd3 41.h4 Rxc3
42.h5 a3 43.h6 Rc1+ 44.Ka2 Rc2+ 45.Ka1 Rc1+ 46.Ka2 Rc2+ 47.Ka1  1/2-1/2

[Event "31st Guernsey Open"]
[Site "Cobo Bay GCI"]
[Date "2005.10.16"]
[Round "1"]
[White "Murray,JS"]
[Black "Roberts,P"]
[Result "1/2-1/2"]
[WhiteElo "2031"]
[BlackElo "2201"]

1.e4 d6 2.d4 Nf6 3.Nc3 e5 4.dxe5 dxe5 5.Qxd8+ Kxd8 6.Bg5 Be6 7.Bd3 Nd7 8.Nge2 h6
9.Bh4 g5 10.Bg3 Bb4 11.a3 Bxc3+ 12.Nxc3 c6 13.f3 Ke7 14.O-O-O Ne8 15.Rd2 Nc7
16.Rhd1 Rad8 17.Bf2 b6 18.Bf1 Nb8 19.Rxd8 Rxd8 20.Rxd8 Kxd8 21.b3 Ke7 22.h4 f6
23.hxg5 hxg5 24.g4 c5 25.Nb5 Nxb5 26.Bxb5 Kd6 27.Kb2 a6 28.Be2 Bd7 29.b4 Bb5
30.Bxb5 axb5 31.c3 Kc6 32.Kb3 Nd7 33.c4 bxc4+ 34.Kxc4 b5+ 35.Kc3 cxb4+ 36.axb4 Nf8
37.Kd3 Ne6 38.Bg1 Kd6 39.Ba7 Ke7 40.Bg1 Kf7 41.Bb6 Nf4+  1/2-1/2

[Event "TCh-CZE Extraliga 2005-6"]
[Site "Czech Rep CZE"]
[Date "2005.10.16"]
[Round "2"]
[White "Manik,M"]
[Black "Neuman,P"]
[Result "1/2-1/2"]
[WhiteElo "2474"]
[BlackElo "2414"]

1.e4 d6 2.d4 Nf6 3.Nc3 e5 4.Nge2 c6 5.a4 Be7 6.g3 Nbd7 7.Bg2 Nf8 8.h3 Ng6
9.Be3 O-O 10.O-O Re8 11.a5 h6 12.Kh2 Bf8 13.b3 Bd7 14.Qd2 Qc7 15.f4 exf4
16.gxf4 Nh4 17.Bh1 d5 18.Bf2 Ng6 19.e5 Nh7 20.Bg2 Qc8 21.Na4 Ne7 22.c4 Be6
23.Rac1 Rd8 24.Bh4 g5 25.fxg5 Ng6 26.cxd5 Nxh4 27.dxe6 Qxe6 28.Qe3 Nxg2 29.Kxg2 hxg5
30.Rf3 f5 31.a6 b6 32.Rcf1 f4 33.Qe4 Rac8 34.Kh2 Bg7 35.Rg1 c5 36.h4 cxd4
37.Nxd4 Qxe5 38.Qxe5 Bxe5 39.Ne6 Rd2+ 40.Kh3  1/2-1/2

[Event "2nd Samba Cup"]
[Site "Skanderborg DEN"]
[Date "2005.10.17"]
[Round "4"]
[White "Timofeev,Arty"]
[Black "Hansen,LB"]
[Result "1-0"]
[WhiteElo "2658"]
[BlackElo "2565"]

1.e4 d6 2.d4 Nf6 3.Nc3 e5 4.dxe5 dxe5 5.Qxd8+ Kxd8 6.Bg5 Bd6 7.O-O-O Nd7
8.Nf3 Ke8 9.Nb5 a6 10.Nxd6+ cxd6 11.Nd2 h6 12.Be3 b5 13.f3 Nc5 14.Nb1 Ke7
15.Nc3 Be6 16.g4 Nfd7 17.h4 f6 18.Rh2 Rac8 19.b4 Nb7 20.Nd5+ Bxd5 21.exd5 a5
22.a3 e4 23.fxe4 Ne5 24.Bd4 Nc4 25.Rh3 axb4 26.axb4 Ra8 27.Bxc4 bxc4 28.Kd2 Ra4
29.Rb1 Kd7 30.Bc3 Re8 31.Re3 Nd8 32.g5 hxg5 33.hxg5 fxg5 34.Rf1 Re7 35.Rf8 Nf7
36.b5 Kc7 37.Bxg7 Kb6 38.Bd4+ Kxb5 39.Rb8+ Ka5 40.Re1  1-0

[Event "Chigorin Mem"]
[Site "St Petersburg RUS"]
[Date "2005.10.17"]
[Round "3"]
[White "Bashkirov,V"]
[Black "Krasnov,Vas"]
[Result "1/2-1/2"]
[WhiteElo "2052"]
[BlackElo "2142"]

1.e4 d6 2.d4 Nf6 3.Nc3 e5 4.Nf3 Nbd7 5.g3 Be7 6.Bg2 O-O 7.O-O c6 8.a4 a5
9.h3 Qc7 10.Be3 Re8 11.Re1 Bf8 12.Qd2 Nb6 13.b3 Nbd7 14.Rad1 Rb8 15.d5 Nc5
16.Bxc5 dxc5 17.dxc6 bxc6 18.Bf1 h6 19.Nb1 c4 20.bxc4 Be6 21.c3 Nd7 22.Qa2 Nb6
23.Nbd2 f6 24.Rb1 g5 25.Rb2 Nd7 26.Rxb8 Rxb8 27.Rb1 Nc5 28.Rxb8 Qxb8 29.Qc2 h5
30.Kh2 Qb7 31.Ne1 g4 32.h4 Qb6 33.Kg2 Bh6 34.Nd3 Nxa4 35.Qxa4 Bxd2 36.c5 Qc7
37.Qc2 Bh6 38.Nb2 Bf8 39.Bc4 Bxc4 40.Nxc4 Bxc5 41.Qa4 Bb6 42.Qb3 Qf7 43.Qxb6 Qxc4
44.Qd8+ Kg7 45.Qd7+ Kh6 46.Qf5 Qf7 47.Qc8 Qc4 48.Qh8+ Kg6 49.Qe8+ Kg7 50.Qd7+ Kh6
51.Qf5 Qf7 52.Qc8 Qc4  1/2-1/2

[Event "SCG First League m"]
[Site "Vrnjacka Banja SCG"]
[Date "2005.10.17"]
[Round "1"]
[White "Nataf,IA"]
[Black "Laketic,G"]
[Result "1-0"]
[WhiteElo "2564"]
[BlackElo "2479"]

1.e4 d6 2.d4 Nf6 3.Nc3 e5 4.Nf3 Nbd7 5.Bc4 Be7 6.O-O O-O 7.a4 c6 8.Re1 b6
9.Bg5 Bb7 10.Bxf6 Bxf6 11.d5 c5 12.a5 bxa5 13.Nd2 Nb6 14.Bf1 Bc8 15.Nb3 a4
16.Na5 Bd7 17.Nc6 Qe8 18.Bb5 a6 19.Bxa4 Nxa4 20.Rxa4 Bg5  1-0

[Event "Femida"]
[Site "Kharkiv UKR"]
[Date "2005.10.20"]
[Round "5"]
[White "Zubarev,Al1"]
[Black "Ivanov,AA"]
[Result "1-0"]
[WhiteElo "2505"]
[BlackElo "2414"]

1.e4 d6 2.d4 Nf6 3.Nc3 c6 4.Nf3 Qa5 5.Bd2 Bg4 6.h3 Bxf3 7.Qxf3 Qb6 8.e5 Nfd7
9.exd6 e6 10.Ne4 Qxb2 11.Bc3 Qa3 12.Rb1 Qxa2 13.Rxb7 Qd5 14.Bd3 a5 15.Rc7 Kd8
16.O-O Bxd6 17.Bc4 Qxc4 18.Rc8+ Ke7 19.Rxh8 Bb4 20.Bxb4+ axb4 21.Re8+  1-0